| 000 | 00745nam a2200205Ia 4500 | ||
|---|---|---|---|
| 005 | 20240530110949.0 | ||
| 008 | 140319s2008 xx 000 0 ara d | ||
| 020 | _a9774220227 | ||
| 040 |
_aGCL / _cGCL |
||
| 082 | 0 | 4 |
_a657.42 / _bن م |
| 100 | 1 | _aناصر نور الدين عبداللطيف | |
| 245 | 1 | 0 |
_aمحاسبة التكاليف فى قطاع النقل البحرى / _cتاليف ناصر نور الدين عبداللطيف |
| 260 |
_aالاسكندرية : _bالدار الجامعية، _c2008 |
||
| 300 |
_a423 ص ؛ _c24 سم |
||
| 650 | 0 | 4 | _aمحاسبة التكاليف |
| 650 | 0 | 4 | _aالمحاسبة |
| 650 | 0 | 4 | _aالنقل البحرى |
| 942 |
_2ddc _cBK |
||
| 999 |
_c66957 _d66957 |
||